[Event "Oberliga Ost-A 0708"]
[Site "Germany"]
[Date "2007.12.09"]
[Round "5.2"]
[White "Offinger, Robert"]
[Black "Wagner, Christian"]
[Result "0-1"]
[WhiteElo "2275"]
[BlackElo "2224"]
[PlyCount "126"]
[EventDate "2007.09.23"]
[EventType "team-tourn"]
[EventRounds "11"]
[EventCountry "GER"]
[SourceTitle "EXT 2009"]
[Source "ChessBase"]
[SourceDate "2008.11.26"]
[SourceVersion "1"]
[SourceVersionDate "2008.11.26"]
[SourceQuality "1"]
[WhiteTeam "Magdeburg Aufbau Elbe"]
[BlackTeam "Magdeburg Rochade"]
[WhiteTeamCountry "GER"]
[BlackTeamCountry "GER"]

1. d4 c5 2. e3 b6 3. c4 Bb7 4. Nc3 Nf6 5. d5 e6 6. e4 d6 7. Nf3 exd5 8. cxd5 Be7 9. Bb5+ Nfd7 10. a4 0-0 11. 0-0 a6 12. Bd3 Re8 13. Bf4 Nf8 14. e5 dxe5 15. Bxe5 Nbd7 16. Bg3 Bf6 17. Bc4 Ng6 18. d6 Nde5 19. Bd5 Ra7 20. Bxb7 Rxb7 21. Qd5 Rd7 22. Ne4 Nxf3+ 23. gxf3 Be5 24. Rfd1 a5 25. Ra3 Re6 26. Rb3 h5 27. Qc6 f5 28. Qd5 Kf7 29. Bxe5 Nxe5 30. Ng3 h4 31. f4 Rdxd6 32. Qb7+ Re7 33. Rxd6 Qxd6 34. Qxb6 Qxb6 35. Rxb6 Nf3+ 36. Kg2 Ne1+ 37. Kf1 hxg3 38. hxg3 Nd3 39. Rb5 Re1+ 40. Kg2 Re2 41. Kf3 Rxf2+ 42. Ke3 Rxb2 43. Rxa5 Rb3 44. Ra7+ Kg6 45. a5 Nb4+ 46. Kd2 Rxg3 47. Rc7 Nd5 48. Rc6+ Nf6 49. Kc2 Ra3 50. Rxc5 Ne4 51. Rb5 Ra1 52. Kb2 Rb1+ 53. Kxb1 Nc3+ 54. Kc2 Nxb5 55. a6 Kh5 56. Kd3 Na7 57. Kd4 g5 58. fxg5 f4 59. Kc5 f3 60. Kb6 f2 61. Kxa7 f1Q 62. Kb6 Qc4 63. a7 Qc8 0-1